• 首页
  • 本馆介绍
  • 公告通知
  • 最新文献
  • 馆藏检索
  • 电子资源
  • 读者导购
  • 参考咨询
  • 我的图书馆
  • 登录
  • 详细信息显示
  • 放入我的书架
  • 预约/预借图书
  • 作者相关作品
  • 分类相关作品
  • 丛书相关作品
  • 出版社相关作品

书目信息

  • 表格格式
  • 工作单格式
  • 卡片格式
题名:
张量分析简论
    
 
作者: 西蒙兹 著
分册:  
出版信息: 北京   世界图书出版公司  2009.05
页数: 112页
开本: 20cm
丛书名:
单 册:
中图分类: O183.2
科图分类:
主题词: 几何 , 拓扑
电子资源:
ISBN: 7-5100-0488-8
000 00589nam0 2200205 450
001 2233976937
005 20220902092745.45
010    @a7-5100-0488-8@dCNY29.00
100    @a20220902d2009 km y0chiy0120 ea
101 0  @achi
102    @aCN@b110000
200 1  @a张量分析简论@AZhang Liang Fen Xi Jian Lun@f(美)西蒙兹著@F(Mei)Xi Meng Zi Zhu
210    @a北京@c世界图书出版公司@d2009.05
215    @a112页@d20cm
606 0  @a几何
606 0  @a拓扑
690    @aO183.2@v4
701  0 @a西蒙兹@AXi Meng Zi@4著
801  0 @aCN@b大连网信软件有限公司图书馆·11@c20220902
905    @aZUCC@dO183.2@e13
    
    张量分析简论/(美)西蒙兹著.-北京:世界图书出版公司,2009.05
    112页;20cm
    
    
    ISBN 7-5100-0488-8:CNY29.00
    
●
相关链接 在E读中查询图书 在五车中查询图书 在当当中查询图书 在豆瓣中查询图书


正题名:张量分析简论     索取号:O183.2/13         预约/预借

序号 登录号 条形码 馆藏地/架位号 状态 备注
1 1056626   210566261   第二样本阅览室/ [索取号:O183.2/13] 在馆    
唐山师范学院图书馆 欢迎您!
大连网信软件有限公司© 版权所有